000 00355nam a2200145 i 4500
001 bg
100 1 _aDIEUDONNE, Jean
245 0 _aLinejnaja algebra i elementarnaja geometrija /
_cJean Dieudonne.
260 _aMoskva,
_c1972.
040 _cBPK
041 _apol
080 _a512.64:514.11
942 _cKS
008 s pl f |000 0 pol
999 _c15389
_d15389
856 _uhttp://koha.tu.koszalin.pl/cgi-bin/koha/opac-detail.pl?biblionumber=15389
_yKatalog online BPK